[Event "Dos Hermanas"]
[Site "Dos Hermanas"]
[Date "1995.??.??"]
[Round "8"]
[White "Polgar, Judit"]
[Black "Lautier, Joel"]
[Result "1/2-1/2"]
[WhiteElo "2630"]
[BlackElo "2655"]

1.e4 c5 2.Nf3 e6 3.d4 cxd4 4.Nxd4 Nf6 5.Nc3 Nc6 6.Ndb5 d6 7.Bf4 e5 8.Bg5 a6
9.Na3 b5 10.Nd5 Be7 11.Bxf6 Bxf6 12.c3 O-O 13.Nc2 Bg5 14.a4 bxa4 15.Rxa4 a5
16.Bc4 Rb8 17.b4 Bd7 18.Ra3 Kh8 19.O-O f5 20.exf5 Bxf5 21.bxa5 Nxa5 22.Bd3 Be6
23.Ncb4 Rc8 24.Be4 Nc4 25.Ra2 Bh6 26.Qd3 Qh4 27.f3 Bg5 28.Qe2 Qh6 29.Ra6 Ne3
30.Rfa1 Bxd5 31.Nxd5 Nxd5 32.Bxd5 Be3+ 33.Kf1 Bd2 34.Ra8 Rxa8 35.Rxa8 Rxa8
36.Bxa8 Bxc3 37.g3 Qh3+ 38.Qg2 Qc8 39.Qa2 g6  1/2-1/2

[Event "Dos Hermanas"]
[Site "Dos Hermanas"]
[Date "1995.??.??"]
[Round "9"]
[White "Karpov, Anatoly"]
[Black "Polgar, Judit"]
[Result "1/2-1/2"]
[WhiteElo "2780"]
[BlackElo "2630"]

1.d4 Nf6 2.c4 g6 3.g3 Bg7 4.Bg2 O-O 5.Nc3 d6 6.Nf3 Nc6 7.O-O e5 8.d5 Ne7
9.e4 Kh8 10.Ne1 Nfg8 11.Nd3 f5 12.f4 exf4 13.Nxf4 Nf6 14.exf5 Nxf5 15.Kh1 Re8
16.a4 a5 17.Ra3 Qe7 18.Bd2 Nd4 19.Re1 Qf7 20.Rxe8+ Nxe8 21.Ne4 h6 22.Re3 Bd7
23.Re1 g5 24.Nd3 Nf6 25.Rf1 Bf5 26.Nef2 Qg6 27.Bc3 Ne4 28.Bxd4 Bxd4 29.Nf4 Nxf2+
30.Rxf2 Qf6 31.Nh5 Bg4 32.Rxf6 Bxd1 33.Rxh6+ Kg8 34.h4 gxh4 35.Bh3 Bxh5 36.Rxh5 hxg3
37.Rg5+ Kf7 38.Rxg3 Bxb2 39.Rb3 Bd4 40.Rxb7 Bb6 41.c5 Bxc5 42.Rxc7+ Kf6 43.Bc8 Ke5
44.Kg2 Bb6 45.Re7+ Kd4 46.Bb7 Rf8  1/2-1/2

[Event "Madrid"]
[Site "Madrid"]
[Date "1995.??.??"]
[Round "2"]
[White "Polgar, Judit"]
[Black "Jussupow, Artur"]
[Result "1/2-1/2"]
[WhiteElo "2630"]
[BlackElo "2660"]

1.e4 e5 2.Nf3 Nf6 3.d4 Nxe4 4.Bd3 d5 5.Nxe5 Nd7 6.Nxd7 Bxd7 7.O-O Bd6 8.c4 c6
9.cxd5 cxd5 10.Qh5 O-O 11.Qxd5 Bc6 12.Qh5 g6 13.Qh3 Qb6 14.Nc3 Qxd4 15.Bxe4 Bxe4
16.Qh4 f5 17.Nb5 Qf6 18.Qxf6 Rxf6 19.Bg5 Re6 20.Nxd6 Rxd6 21.Rad1  1/2-1/2

[Event "Madrid"]
[Site "Madrid"]
[Date "1995.??.??"]
[Round "6"]
[White "Polgar, Judit"]
[Black "San Segundo, Pablo"]
[Result "0-1"]
[WhiteElo "2630"]
[BlackElo "2480"]

1.e4 c5 2.Nf3 e6 3.d4 cxd4 4.Nxd4 Nf6 5.Nc3 Nc6 6.Nxc6 bxc6 7.e5 Nd5 8.Ne4 Ba6
9.c4 Bb4+ 10.Bd2 Qh4 11.g4 Ne3 12.Qa4 Bxd2+ 13.Kxd2 Nxg4 14.Qxa6 Nxe5 15.Nc3 Qxf2+
16.Be2 Rb8 17.b3 Nf3+ 18.Kc2 Nd4+ 19.Kd3 Nf5 20.Rad1 O-O 21.Rhf1 Qc5 22.Rf3 d5
23.Kc2 Ne3+ 24.Rxe3 Qxe3 25.Qxc6 d4 26.Rd3 Qf2 27.Qc5 e5 28.Qxa7 Qe1 29.Bd1 Ra8
30.Qc5 dxc3 31.a4 e4 32.Rd7 e3 33.Bh5 Qa1  0-1

[Event "Amber-rapid 4th"]
[Site "Monte Carlo"]
[Date "1995.??.??"]
[Round "2"]
[White "Polgar, Judit"]
[Black "Anand, Viswanathan"]
[Result "1/2-1/2"]
[WhiteElo "2630"]
[BlackElo "2715"]

1.e4 e5 2.Nf3 Nc6 3.Bb5 a6 4.Ba4 Nf6 5.O-O Nxe4 6.d4 b5 7.Bb3 d5 8.dxe5 Be6
9.c3 Bc5 10.Nbd2 O-O 11.Bc2 Bf5 12.Nb3 Bg6 13.Nfd4 Bxd4 14.cxd4 a5 15.Be3 a4
16.Nd2 a3 17.Nxe4 axb2 18.Rb1 Bxe4 19.Rxb2 Qd7 20.Bxe4 dxe4 21.Rxb5 Nxd4
22.Rc5 Rfd8 23.Bxd4 Qxd4 24.Qxd4 Rxd4 25.Rxc7 h6 26.Rc2 Re8 27.Rc5 Ra8 28.Rc2  1/2-1/2

[Event "Amber-blind 4th"]
[Site "Monte Carlo"]
[Date "1995.??.??"]
[Round "4"]
[White "Polgar, Judit"]
[Black "Ljubojevic, Ljubomir"]
[Result "1/2-1/2"]
[WhiteElo "2630"]
[BlackElo "2580"]

1.e4 c5 2.Nf3 d6 3.d4 cxd4 4.Nxd4 Nf6 5.Nc3 a6 6.f4 e6 7.Qf3 Qb6 8.Nb3 Qc7
9.g4 b5 10.g5 b4 11.gxf6 bxc3 12.bxc3 gxf6 13.Rg1 Bb7 14.c4 Nd7 15.Bb2 e5
16.fxe5 fxe5 17.O-O-O Bh6+ 18.Kb1 Bf4 19.Ba3 Qb6 20.Bh3 Nc5 21.Rxd6 Qxd6
22.Bxc5 Qc7 23.Qg4 f5 24.Qxf5 Qf7 25.Rg7 Qxf5 26.Bxf5 Bc8 27.Na5 Bxf5 28.Re7+ Kd8
29.Nc6+ Kc8 30.exf5 e4 31.f6 e3 32.f7 e2 33.Nd4 Rb8+ 34.Nb3 Rf8 35.Re8+ Kd7
36.Bxf8 e1=Q+ 37.Rxe1 Rxf8 38.Re2 Rxf7 39.Kb2 Kd6 40.Kc3 Be5+ 41.Kb4 Rf4
42.Ka5 Rxc4 43.Kxa6 Ra4+ 44.Kb5 Rxa2 45.h3 Ra8 46.c4 Rb8+ 47.Ka4 Ra8+ 48.Kb4 Rb8+
49.Ka4 Ra8+  1/2-1/2

[Event "Amber-blind 4th"]
[Site "Monte Carlo"]
[Date "1995.??.??"]
[Round "7"]
[White "Ivanchuk, Vassily"]
[Black "Polgar, Judit"]
[Result "1/2-1/2"]
[WhiteElo "2700"]
[BlackElo "2630"]

1.d4 Nf6 2.Nf3 g6 3.c4 Bg7 4.g3 O-O 5.Bg2 d6 6.Nc3 Nc6 7.O-O a6 8.d5 Na5
9.Nd2 c5 10.Qc2 Rb8 11.b3 e5 12.Bb2 b5 13.Rae1 Bd7 14.Nd1 Bh6 15.Bc3 Nh5
16.e3 Bf5 17.e4 Bd7 18.Ne3 b4 19.Bb2 Qe7 20.Qd1 Rbe8 21.f4 exf4 22.Nf5 Bxf5
23.exf5 Qd8 24.Ne4 Bg7 25.Bxg7 Nxg7 26.Qa1 f6 27.fxg6 hxg6 28.gxf4 Nb7 29.f5 gxf5
30.Ng3 Re5 31.Bh3 Qe8 32.Nxf5 Qh5 33.Ne7+ Kf7 34.Nc6 Qxh3 35.Nxe5+ dxe5 36.Qxe5 Kg6
37.Qe4+ f5 38.Qf4 Nh5 39.Re6+ Rf6 40.Rxf6+ Nxf6 41.d6 Qg4+ 42.Qxg4+ fxg4
43.Re1 Nxd6 44.Re6 Ne4 45.Rxa6 Kf5 46.a3 bxa3 47.Rxa3 Ke5 48.b4 cxb4 49.Rb3 Nh5
50.Rxb4 Nf4 51.Rb8 Ne6 52.c5 N6xc5 53.h4 Nf6 54.h5 Nce4 55.h6 Kf5 56.Rb2 Kf4
57.h7 Nxh7 58.Rg2 Ng3 59.Kh2  1/2-1/2

[Event "Amber-blind 4th"]
[Site "Monte Carlo"]
[Date "1995.??.??"]
[Round "8"]
[White "Polgar, Judit"]
[Black "Karpov, Anatoly"]
[Result "1/2-1/2"]
[WhiteElo "2630"]
[BlackElo "2780"]

1.e4 c6 2.d4 d5 3.exd5 cxd5 4.c4 Nf6 5.Nc3 e6 6.Nf3 Bb4 7.Bd3 dxc4 8.Bxc4 Qc7
9.Qe2 O-O 10.O-O Nbd7 11.Bg5 Bxc3 12.bxc3 b6 13.Bd3 Bb7 14.c4 Ng4 15.g3 Rfe8
16.Bf4 e5 17.Ng5 Ngf6 18.dxe5 Nxe5 19.Rae1 Qc6 20.f3 Nxd3 21.Qxd3 h6 22.Nh3 Ba6
23.Rxe8+ Rxe8 24.Rc1 Rc8 25.Nf2 Bxc4 26.Qa3 Nd5 27.Be5 b5 28.Bd4 Qd7 29.Qb2 f6
30.Ne4 Nb4 31.Bxf6 Nd3 32.Rd1 Rf8 33.Qd4 Qxd4+ 34.Bxd4 Rxf3 35.Bxa7 Rf7 36.Bd4 Rd7
37.Bc3 Ra7 38.Nf2 Nxf2 39.Kxf2 Rxa2+ 40.Rd2 Ra3 41.Rd8+ Kf7 42.Rd7+ Ke8 43.Re7+ Kf8
44.Bb4 Rb3 45.Bc5 Kg8 46.Bd4 Bf7 47.Rb7 Rd3 48.Ba1 Rd1 49.Bc3 Rd5 50.g4 h5
51.gxh5 Rxh5 52.h4 Rf5+ 53.Ke3 Kh7 54.Re7  1/2-1/2

[Event "Amber-rapid 4th"]
[Site "Monte Carlo"]
[Date "1995.??.??"]
[Round "8"]
[White "Karpov, Anatoly"]
[Black "Polgar, Judit"]
[Result "1-0"]
[WhiteElo "2780"]
[BlackElo "2630"]

1.d4 d5 2.c4 e6 3.Nc3 Nf6 4.cxd5 exd5 5.Bg5 Bb4 6.Qc2 h6 7.Bxf6 Qxf6 8.e3 O-O
9.a3 Bxc3+ 10.Qxc3 c6 11.Nf3 Bf5 12.Be2 Nd7 13.O-O Rfe8 14.b4 a6 15.a4 Re6
16.Rfc1 g5 17.b5 g4 18.Nd2 c5 19.dxc5 Qxc3 20.Rxc3 d4 21.Rcc1 d3 22.Bd1 axb5
23.e4 Bxe4 24.Bxg4 f5 25.Bd1 Bd5 26.f3 bxa4 27.Ra3 Ne5 28.Kf2 f4 29.Rb1 Rae8
30.Rxa4 Bc6 31.Rxf4 Ng6 32.Rg4 h5 33.Rg5 Kg7 34.Ne4 Rf8 35.Ke3 Kh6 36.Rg3 Rfe8
37.Rb4 Re5 38.Rd4 Nh4 39.Rd6+ Kh7 40.Kxd3 Bxe4+ 41.fxe4 Rxe4 42.Bxh5 R8e5
43.Bf7  1-0

[Event "Amber-rapid 4th"]
[Site "Monte Carlo"]
[Date "1995.??.??"]
[Round "10"]
[White "Kamsky, Gata"]
[Black "Polgar, Judit"]
[Result "1/2-1/2"]
[WhiteElo "2710"]
[BlackElo "2630"]

1.e4 c5 2.Nf3 e6 3.Nc3 a6 4.d4 cxd4 5.Nxd4 Qc7 6.Be2 Bd6 7.Be3 Nf6 8.h3 Bb4
9.Qd3 Nxe4 10.O-O Nxc3 11.bxc3 Bxc3 12.Rad1 O-O 13.Nb3 Bb4 14.c4 d6 15.Bd4 e5
16.Bb2 Nc6 17.f4 Ne7 18.a3 Bc5+ 19.Nxc5 Qxc5+ 20.Kh2 Ng6 21.Qxd6 Qxd6 22.Rxd6 Nxf4
23.Bf3 f6 24.Bc1 Ne6 25.Bd5 Re8 26.Be3 Kf8 27.g4 Ke7 28.Rb6 Rd8 29.g5 a5
30.gxf6+ gxf6 31.Rg1 Ra6 32.Rb2 Rad6 33.Bc5 Nxc5 34.Rg7+ Ke8 35.Rg8+  1/2-1/2

[Event "Amber-blind 4th"]
[Site "Monte Carlo"]
[Date "1995.??.??"]
[Round "10"]
[White "Polgar, Judit"]
[Black "Kamsky, Gata"]
[Result "1/2-1/2"]
[WhiteElo "2630"]
[BlackElo "2710"]

1.e4 d5 2.exd5 Nf6 3.d4 Nxd5 4.Nf3 Bg4 5.Be2 e6 6.O-O Be7 7.c4 Nb6 8.Nc3 O-O
9.h3 Bxf3 10.Bxf3 Nc6 11.c5 Nd5 12.Nxd5 exd5 13.Be3 Bf6 14.Qd3 g6 15.Rad1 Ne7
16.g4 Qd7 17.Bg2 Bg7 18.f4 f5 19.Bf3 Rae8 20.Qb3 fxg4 21.hxg4 Kh8 22.Rfe1 c6
23.Qc2 Ng8 24.Qg2 Nf6 25.Qh3 Re7 26.Kg2 Rfe8 27.Rd3 Kg8 28.Qh4 h5 29.gxh5 Qf5
30.Rb3 gxh5 31.Bf2 Rxe1 32.Bxe1 Re7 33.Qg5 Qxg5+ 34.fxg5 Ne4 35.Bc3 Nxg5
36.Bxh5 Ne6 37.Bg4 Nxd4 38.Bxd4 Bxd4 39.Bc8 b6 40.cxb6 axb6 41.a4 Kf7 42.Rb4 Bc5
43.Rf4+ Ke8 44.b4 Bd6 45.Rf6 Rc7 46.Rxd6 Rxc8 47.Kf3 Ke7 48.Rh6 Kd7 49.Rh7+ Kd6
50.Rb7 Ra8 51.Rxb6 Rxa4 52.b5 Kc5 53.Rxc6+ Kxb5 54.Rc1 Re4 55.Kf2 Kb4 56.Kf3 Kb3
57.Rc5 Re5 58.Kf4 Kb4 59.Rc1 Re7 60.Rd1 Kc4 61.Rc1+ Kb3 62.Rd1 Re4+ 63.Kf3 Re5
64.Kf4 Re4+ 65.Kf3 Kc4 66.Rc1+ Kb4 67.Rb1+ Kc3 68.Rd1 Rd4 69.Rc1+ Kd2 70.Rc5 Rd3+
71.Kf4 Ke2 72.Rc2+ Ke1 73.Ke5 d4 74.Rh2  1/2-1/2

[Event "Amber-rapid 4th"]
[Site "Monte Carlo"]
[Date "1995.??.??"]
[Round "11"]
[White "Polgar, Judit"]
[Black "Nunn, John DM"]
[Result "1/2-1/2"]
[WhiteElo "2630"]
[BlackElo "2630"]

1.e4 c5 2.Nf3 e6 3.Nc3 Nc6 4.Bb5 Nge7 5.O-O Nd4 6.Nxd4 cxd4 7.Ne2 Nc6 8.c3 Bc5
9.b4 Bb6 10.Bb2 dxc3 11.dxc3 O-O 12.Qd2 d5 13.Rad1 dxe4 14.Qf4 Qf6 15.Qxe4 e5
16.Ng3 Be6 17.a4 Bb3 18.Rd7 Rad8 19.Rxd8 Rxd8 20.a5 Bc7 21.a6 Bd5 22.Qe2 bxa6
23.Bxa6 Ne7 24.Bc4 Bb7 25.Ne4 Qg6 26.f3 Bb6+ 27.Nc5 Qd6 28.Ba3 Nd5 29.Kh1 Bxc5
30.bxc5 Qc7 31.Kg1 Qa5 32.Qb2 Qxc3 33.Qxc3 Nxc3 34.Rc1 Nd5 35.Bb5 Nc7 36.c6 Bc8
37.Bf1 f6 38.Rb1 Ba6 39.Bxa6 Nxa6 40.Rc1 Rc8 41.Bd6 Nc7 42.f4 exf4 43.Bxf4 Ne6
44.Be3 Rc7 45.Kf2 Nd8 46.Bxa7 Rxc6 47.Rxc6 Nxc6 48.Bc5 Kf7 49.Kf3 Ke6 50.g4 Ne5+
51.Kg3 g6 52.Bd4 Kd5 53.Be3 Ke4 54.Bd2 Nd3 55.Ba5 f5 56.gxf5 gxf5 57.Bb6 f4+
58.Kg2 Ne1+ 59.Kf2 Nf3 60.Kg2 Ne5 61.Ba7 Ng6 62.Bb6 Kf5 63.Bd8 Kg4 64.Bc7 Ne7
65.Bb8 Ng6 66.Bd6 h5 67.h3+ Kf5 68.Kf3 Ne5+ 69.Kf2 Ke4 70.Ke2 Nf7 71.Be7 Ne5
72.Bd6 Nf3 73.Kf2 Ng5 74.Be7 Kf5 75.Kg2 Ne6 76.Kf3 Nd4+ 77.Kf2 Ke4 78.Bc5 Nc6
79.Bb6 Ne5 80.Kg2 Nd3 81.Ba7 h4 82.Bb6 f3+ 83.Kf1 Nf4 84.Bd8  1/2-1/2

[Event "Geneve Credit Suisse"]
[Site "Geneve"]
[Date "1996.??.??"]
[Round "3.1"]
[White "Kasparov, Gary"]
[Black "Polgar, Judit"]
[Result "1/2-1/2"]
[WhiteElo "2785"]
[BlackElo "2665"]

1.e4 c5 2.Nf3 e6 3.c3 Nf6 4.e5 Nd5 5.d4 cxd4 6.cxd4 d6 7.Bc4 Nb6 8.Bb3 Nc6
9.exd6 Bxd6 10.O-O O-O 11.Nc3 Nd5 12.Re1 b6 13.Nxd5 exd5 14.h3 Bf5 15.Bg5 Qd7
16.Bxd5 Bh2+ 17.Kxh2 Qxd5 18.Qb3 Qd6+ 19.Kg1 h6 20.Bh4 Be6 21.Qd3 Nb4 22.Qd2 Rfc8
23.Bg3 Qf8 24.d5 Bxd5 25.a3 Bxf3 26.Qxb4 Qxb4  1/2-1/2

[Event "Geneve Credit Suisse"]
[Site "Geneve"]
[Date "1996.??.??"]
[Round "3.1"]
[White "Polgar, Judit"]
[Black "Kasparov, Gary"]
[Result "0-1"]
[WhiteElo "2665"]
[BlackElo "2785"]

1.e4 c5 2.Nf3 d6 3.d4 cxd4 4.Nxd4 Nf6 5.Nc3 a6 6.f4 e6 7.Qf3 Qb6 8.Nb3 Qc7
9.g4 b5 10.g5 Nfd7 11.Be3 Nb6 12.O-O-O N8d7 13.Qh3 b4 14.Ne2 Nc4 15.Kb1 Bb7
16.Ned4 Nxe3 17.Qxe3 g6 18.Bh3 Qb6 19.Rhf1 O-O-O 20.c3 Kb8 21.cxb4 Qxb4 22.Rc1 Nc5
23.Rfd1 Be7 24.e5 Nxb3 25.axb3 Rc8 26.Bf1 Qb6 27.b4 Rhd8 28.b5 axb5 29.Bxb5 dxe5
30.Qxe5+ Bd6 31.Qe3 Rxc1+ 32.Rxc1 Bc7 33.Nc6+ Bxc6 34.Qxb6+ Bxb6 35.Rxc6 Be3
36.Rc4 Rd5 37.Re4 Bd2 38.Be8 Rf5 39.Rd4 Bxf4 40.Rd8+ Kc7 41.Rd7+ Kc8 42.Rxf7 Kd8
43.Rxf5 exf5 44.Bf7 Ke7 45.Bg8 Kf8 46.Bd5 Bxh2 47.Kc2 Bf4 48.Kd3 Bxg5 49.b4 Bd8
50.Ke3 Kg7 51.Kf4 Kf6 52.b5 h5 53.Kg3 g5 54.Kf3 g4+ 55.Kg2 h4 56.Kf2 Bb6+
57.Kg2 h3+ 58.Kg3 Kg5 59.Kh2 Bc7+ 60.Kg1 g3  0-1

[Event "Leon"]
[Site "Leon"]
[Date "1996.??.??"]
[Round "3"]
[White "Leko, Peter"]
[Black "Polgar, Judit"]
[Result "1/2-1/2"]
[WhiteElo "2625"]
[BlackElo "2675"]

1.e4 c5 2.Nf3 d6 3.d4 cxd4 4.Nxd4 Nf6 5.Nc3 a6 6.Be3 e6 7.g4 h6 8.f4 Qb6
9.a3 Nc6 10.Be2 Qc7 11.Nb3 b5 12.Bf3 Bb7 13.Qe2 O-O-O 14.O-O-O Be7 15.h4 Nd7
16.g5 g6 17.Kb1 h5 18.Qf2 Kb8 19.Rhe1 Rhe8 20.a4 bxa4 21.Nxa4 Bf8 22.Nb6 Nc5
23.Nxc5 dxc5 24.Nc4 Na5 25.Ne5 Kc8 26.Bd2 Nc6 27.Bc3 Nxe5 28.Bxe5 Bd6 29.Bxd6 Rxd6
30.Rxd6 Qxd6 31.e5 Qd4 32.Qxd4 cxd4 33.Be2 Kc7 34.b3 Rd8 35.Kb2 Kb6 36.Bd3  1/2-1/2

[Event "Leon"]
[Site "Leon"]
[Date "1996.??.??"]
[Round "6"]
[White "Polgar, Judit"]
[Black "Leko, Peter"]
[Result "1/2-1/2"]
[WhiteElo "2675"]
[BlackElo "2625"]

1.e4 e5 2.Nf3 Nc6 3.Bb5 a6 4.Ba4 Nf6 5.O-O Be7 6.Re1 b5 7.Bb3 d6 8.c3 O-O
9.h3 Na5 10.Bc2 c5 11.d4 Qc7 12.Nbd2 Rd8 13.d5 c4 14.Nf1 Nb7 15.Ng3 a5 16.Nh2 Nc5
17.f4 b4 18.Nf3 Ne8 19.Kh2 Rb8 20.Be3 f6 21.Qe2 Ba6 22.Bxc5 Qxc5 23.Ba4 Nc7
24.Nh4 Nb5 25.Qg4 Bc8 26.Ngf5 Bf8 27.fxe5 dxe5 28.Bxb5 Rxb5 29.Rf1 Qc7 30.Rf3 Kh8
31.Qh5 Bxf5 32.Rxf5 bxc3 33.bxc3 Rb2 34.Rff1 a4 35.Ng6+  1/2-1/2

[Event "Amber-blind 5th"]
[Site "Monte Carlo"]
[Date "1996.??.??"]
[Round "3"]
[White "Piket, Jeroen"]
[Black "Polgar, Judit"]
[Result "1/2-1/2"]
[WhiteElo "2570"]
[BlackElo "2675"]

1.d4 Nf6 2.c4 g6 3.Nc3 Bg7 4.e4 d6 5.f3 O-O 6.Be3 Nbd7 7.Nge2 c5 8.d5 Ne5
9.Ng3 a6 10.Be2 e6 11.Qd2 exd5 12.cxd5 b5 13.Bh6 Re8 14.Bxg7 Kxg7 15.O-O b4
16.Nd1 a5 17.Ne3 Ba6 18.Bxa6 Rxa6 19.h3 a4 20.Rae1 a3 21.b3 Ra7 22.f4 Ned7
23.Nc4 Nb6 24.e5 Nxc4 25.exf6+ Qxf6 26.bxc4 Rxe1 27.Rxe1 b3 28.Ne4 Qb2 29.f5 f6
30.axb3 Re7 31.Qxb2 axb2 32.Rb1 Rxe4 33.Rxb2 Re3 34.Kf2 Rc3 35.Re2 Rxb3 36.Re7+ Kh6
37.Re6 Rc3 38.Rxf6 Kg5 39.Rxd6 Kxf5 40.Rd7 Rxc4 41.Rxh7 Rf4+ 42.Ke3 Re4+
43.Kf3 Rf4+ 44.Ke3 Re4+  1/2-1/2

[Event "Amber-rapid 5th"]
[Site "Monte Carlo"]
[Date "1996.??.??"]
[Round "3"]
[White "Polgar, Judit"]
[Black "Piket, Jeroen"]
[Result "1/2-1/2"]
[WhiteElo "2675"]
[BlackElo "2570"]

1.e4 c5 2.Nf3 d6 3.d4 cxd4 4.Qxd4 Nc6 5.Bb5 Bd7 6.Bxc6 Bxc6 7.Nc3 h6 8.Qd3 e5
9.O-O Nf6 10.Rd1 Be7 11.Nh4 g6 12.Nf3 a6 13.a4 Kf8 14.b3 Kg7 15.Ba3 Rc8 16.Nd2 b5
17.axb5 axb5 18.Nf1 Qb6 19.Bb4 Qb7 20.Qe3 Nxe4 21.Nxe4 Bxe4 22.Ng3 Bxc2 23.Ra7 Bg5
24.Bxd6 Rhe8 25.Qxe5+ Rxe5 26.Bxe5+ Bf6 27.Bxf6+ Kxf6 28.Rxb7 Bxd1 29.Rxb5 Rc1
30.Rb6+ Kg7 31.h3 Bxb3+ 32.Kh2 Bd5 33.Rd6  1/2-1/2

[Event "Amber-blind 5th"]
[Site "Monte Carlo"]
[Date "1996.??.??"]
[Round "9"]
[White "Ivanchuk, Vassily"]
[Black "Polgar, Judit"]
[Result "1/2-1/2"]
[WhiteElo "2735"]
[BlackElo "2675"]

1.d4 Nf6 2.Nf3 g6 3.g3 c5 4.Bg2 d6 5.O-O Nbd7 6.c4 Bg7 7.Nc3 a6 8.b3 O-O
9.Bb2 Rb8 10.a4 cxd4 11.Nxd4 Nc5 12.b4 Qb6 13.Nc2 a5 14.Nd5 Nxd5 15.Bxg7 Nxb4
16.Bxf8 Kxf8 17.Na3 Kg8 18.Nb5 Bf5 19.Rc1 Na2 20.Ra1 Nb4 21.Rc1 Rd8 22.Nd4 Bd7
23.Nb5 d5 24.cxd5 Bxb5 25.axb5 Qxb5 26.e4 b6 27.Re1 e5 28.Qf3 Qd7 29.Qf6 Qd6
30.Qxd6 Rxd6 31.Bf1 Rd8 32.Re3 Kg7 33.Bb5 Kf6 34.f4 g5 35.fxg5+ Kxg5 36.Rf1 f6
37.h4+ Kg6 38.g4 a4 39.Ref3 Nxe4 40.Bxa4 Rxd5 41.Be8+ Kg7 42.g5 fxg5 43.Rf7+ Kh6
44.hxg5+ Kxg5 45.Rxh7 Rd3 46.Re7 Kh4 47.Rh7+ Kg5 48.Re7 Kh4 49.Rh7+ Kg5  1/2-1/2

[Event "Amber-blind 5th"]
[Site "Monte Carlo"]
[Date "1996.??.??"]
[Round "11"]
[White "Karpov, Anatoly"]
[Black "Polgar, Judit"]
[Result "1-0"]
[WhiteElo "2770"]
[BlackElo "2675"]

1.d4 Nf6 2.Nf3 g6 3.g3 Bg7 4.Bg2 O-O 5.O-O d6 6.c4 Nbd7 7.Nc3 e5 8.e4 c6
9.h3 Qb6 10.c5 dxc5 11.dxe5 Ne8 12.e6 fxe6 13.Ng5 e5 14.f4 exf4 15.gxf4 Bd4+
16.Kh2 Ng7 17.Qd3 Nf6 18.Ne2 h6 19.Nf3 Rd8 20.Nexd4 cxd4 21.Ne5 c5 22.Nxg6 Qc7
23.Bd2 c4 24.Qg3 b5 25.Qh4 Nh7 26.Qxh6 Bb7 27.Rae1 Re8 28.Rg1 Re6 29.e5 Rf8
30.Bb4 Rf5 31.Bxb7 Qxb7 32.Qh4 Rh5 33.Qg4 Ng5 34.Ne7+ Rxe7 35.fxg5 Re6 36.Ref1 Rg6
37.Rf8+ Kh7 38.Rf5 Qd7 39.Rgf1 Qe6 40.Bd6 d3 41.h4 Nxf5 42.Qxh5+ Kg8 43.Qf3 Nxd6
44.exd6 Qxd6+ 45.Kh3 Rg7 46.Qa8+ Kh7 47.Rf6 Qd7+ 48.Kg3 Rg6 49.Qe4 Qg7 50.Kf2 d2
51.Ke2 c3 52.bxc3 b4 53.cxb4 d1=Q+ 54.Kxd1 Qd7+ 55.Ke1  1-0

[Event "Sao Paulo m"]
[Site "Sao Paulo"]
[Date "1996.??.??"]
[Round "2"]
[White "Milos, Gilberto"]
[Black "Polgar, Judit"]
[Result "1-0"]
[WhiteElo "2605"]
[BlackElo "2665"]

1.e4 c5 2.Nf3 d6 3.d4 cxd4 4.Nxd4 Nf6 5.Nc3 Nc6 6.Bc4 Qb6 7.Nb3 e6 8.Bf4 Ne5
9.Bb5+ Bd7 10.Bxd7+ Nfxd7 11.Qe2 Rc8 12.Rd1 Be7 13.O-O O-O 14.Kh1 Qa6 15.Qxa6 bxa6
16.Bc1 g5 17.Nd4 Nc5 18.f3 Rfd8 19.g3 Bf6 20.f4 gxf4 21.gxf4 Nc6 22.Nde2 Nb4
23.Rd2 a5 24.a3 Nc6 25.Rfd1 Be7 26.Ng3 a6 27.Rg2 Kf8 28.Nh5 Ke8 29.Be3 Rb8
30.Rg8+ Bf8 31.e5 f5 32.Rh8 Nd7 33.Rxd6 Rbc8 34.Rd2 Kf7 35.Rg2  1-0

[Event "Sao Paulo SC"]
[Site "Sao Paulo"]
[Date "1996.??.??"]
[Round "2"]
[White "Leitao, Rafael"]
[Black "Polgar, Judit"]
[Result "1-0"]
[WhiteElo "2475"]
[BlackElo "2665"]

1.d4 Nf6 2.c4 g6 3.Nc3 Bg7 4.e4 d6 5.f4 O-O 6.Nf3 Na6 7.e5 Nd7 8.Be2 c5 9.exd6 exd6
10.d5 Re8 11.O-O Nf6 12.h3 Nc7 13.a4 Na6 14.Bd3 Nb4 15.Bb1 Bf5 16.Bxf5 gxf5
17.Nh4 Qd7 18.Ra3 Kh8 19.Ne2 Ne4 20.Ng3 Nxg3 21.Rxg3 Rg8 22.Qh5 Bd4+ 23.Kh2 Rxg3
24.Kxg3 Qe7 25.Nxf5 Qe4 26.Nh6 Qd3+ 27.Rf3 Qd1 28.Nxf7+ Kg8 29.Ng5 Qe1+ 30.Kg4 Qe7
31.Qh6 Bf6 32.Re3 Qd7+ 33.Re6 Bd4 34.f5 Nd3 35.f6 Rf8 36.f7+ Rxf7 37.Nxf7 Qxf7
38.Bf4 Bg7 39.Qg5 h6 40.Qd8+ Kh7 41.Bxd6 Qf2 42.g3 Qf1 43.Qh4 Qd1+ 44.Kf5 Qf3+
45.Bf4 Nxf4 46.gxf4 h5 47.d6 Qd3+ 48.Re4 Qxd6 49.Qxh5+ Bh6 50.Qf7+ Bg7 51.Qh5+ Bh6
52.Qf7+ Bg7 53.Qe6 Qf8+ 54.Kg4 Qd8 55.Qf5+ Kg8 56.Re2 Qd1 57.Qd5+ Qxd5 58.cxd5 Kf7
59.d6 Bf6 60.d7 c4 61.Rd2 Bd8 62.h4 a6 63.h5 b5 64.h6 Kg6 65.Rd6+ Kf7 66.Kf5 bxa4  1-0

[Event "Sao Paulo SC"]
[Site "Sao Paulo"]
[Date "1996.??.??"]
[Round "3"]
[White "Polgar, Judit"]
[Black "Milos, Gilberto"]
[Result "0-1"]
[WhiteElo "2665"]
[BlackElo "2605"]

1.e4 Nf6 2.e5 Nd5 3.d4 d6 4.Nf3 Bg4 5.Be2 e6 6.c4 Nb6 7.exd6 cxd6 8.Nc3 Be7
9.a4 O-O 10.a5 N6d7 11.h3 Bh5 12.g4 Bg6 13.h4 h6 14.h5 Bh7 15.Rg1 Nc6 16.Be3 Kh8
17.Qd2 Nxa5 18.Ra4 f5 19.gxf5 Rxf5 20.Rg3 Nb6 21.Rb4 Rc8 22.b3 Qf8 23.d5 exd5
24.Bxb6 axb6 25.Nxd5 Rxh5 26.Rxb6 Rh1+ 27.Ng1 Bh4 28.Qe3 Re8 29.Qd4 Bxg3
30.fxg3 Nc6 31.Qf2 Qxf2+ 32.Kxf2 Rf8+ 33.Kg2 Be4+ 34.Bf3 Rxg1+ 35.Kxg1 Rxf3
36.Rxb7 Nd4 37.Rb8+ Kh7 38.Nc7 Rxg3+ 39.Kf2 Rxb3 40.Re8 Bg6 41.Rd8 Nf5 42.Ne6 h5
43.Nf8+ Kh6 44.Ne6 Bh7 45.Rh8 Rb7 46.Nd8 Rd7 47.Ne6 g5 48.Kf3 Rf7 49.Kg2 h4
50.Kh3 Ne7 51.Kg4 Nc6 52.Nxg5 Ne5+ 53.Kxh4 Rf4+ 54.Kg3 Rg4+ 55.Kh3 Rxg5 56.Rd8 Bf5+
57.Kh2 Nf3+  0-1

[Event "Tilburg Fontys"]
[Site "Tilburg"]
[Date "1996.??.??"]
[Round "2"]
[White "Polgar, Judit"]
[Black "Piket, Jeroen"]
[Result "1/2-1/2"]
[WhiteElo "2665"]
[BlackElo "2580"]

1.e4 e5 2.Nf3 Nc6 3.d4 exd4 4.Nxd4 Bc5 5.Be3 Qf6 6.c3 Nge7 7.Bc4 O-O 8.O-O Qg6
9.Nd2 Bxd4 10.cxd4 d5 11.exd5 Nb4 12.Bf4 Nbxd5 13.Bg3 c6 14.Re1 Nf5 15.Nf3 Nxg3
16.hxg3 Nb6 17.Bb3 Qf6 18.Re5 Bg4 19.Qd3 Bxf3 20.gxf3 Rad8 21.Rae1 Rd7 22.Kg2 g6
23.Qe3 Nd5 24.Qh6 Nc7 25.Rh1 Qg7 26.Qh4 a5 27.Rhe1 a4 28.Bxa4 Ne6 29.d5 Rxd5
30.Rxd5 cxd5 31.Bb3 Qxb2 32.Bxd5 Qd2 33.Rh1 h5 34.Bxe6 fxe6 35.Qe4 Rf6 36.Qe5 Kg7
37.Rb1 Qd5 38.Qxd5 exd5 39.Rxb7+ Kh6 40.Rb4 Rc6 41.a4 Rc3 42.Rd4 Ra3 43.g4 g5
44.Rb4 h4 45.Rd4 Kg6 46.Rxd5 Rxa4 47.Rf5 Rf4 48.Re5 Kf6 49.Re4 Kg6 50.Rxf4  1/2-1/2

[Event "Tilburg Fontys"]
[Site "Tilburg"]
[Date "1996.??.??"]
[Round "3"]
[White "Adams, Michael"]
[Black "Polgar, Judit"]
[Result "1-0"]
[WhiteElo "2685"]
[BlackElo "2665"]

1.e4 c5 2.Nf3 d6 3.d4 cxd4 4.Nxd4 Nc6 5.c4 Qb6 6.Nb3 Nf6 7.Nc3 e6 8.Be3 Qd8
9.Be2 Be7 10.O-O O-O 11.f4 b6 12.Bf3 Bb7 13.Qe2 Rc8 14.Rac1 Rc7 15.Rfd1 Qa8
16.Bf2 Rd8 17.g4 Ne8 18.h4 g6 19.g5 Ng7 20.Rd2 Rcd7 21.Bg4 Qb8 22.Bg3 Bf8
23.Kh2 Re7 24.Qf2 Ree8 25.Rcd1 Ba6 26.Nb5 Bb7 27.Nc3 Ba6 28.Nd4 Nxd4 29.Qxd4 Bb7
30.Qf2 Qc7 31.b3 Bc6 32.f5 exf5 33.exf5 Nxf5 34.Bxf5 gxf5 35.Nd5 Bxd5 36.Rxd5 Re4
37.R1d2 Rde8 38.Qxf5 Re2+ 39.Kh3 Rxd2 40.Rxd2 Re3 41.Kg2 Qe7 42.Rf2 Bg7 43.Qc8+ Bf8
44.Qg4 Qb7+ 45.Kh2 Re6 46.Rf6 Re3 47.Rf2 Re6 48.Re2 Rxe2+ 49.Qxe2 Qc6 50.a4 Qc5
51.Qd3 Qc6 52.Bf4 Qe8 53.Qe3 Qd7 54.Kg3 Qf5 55.Qf3 Be7 56.Bd2 Qb1 57.Qe3 Kf8
58.Bb4 Qd1 59.Qf3 Qg1+ 60.Kh3 Ke8 61.Qa8+ Kd7 62.Qxa7+ Ke6 63.Qa8 Qf1+ 64.Kg3 Qg1+
65.Qg2 Qxg2+ 66.Kxg2 f6 67.Bd2 d5 68.Kf3 dxc4 69.bxc4 fxg5 70.Bxg5 Bd6 71.Be3 Bc7
72.Kg4 Bd8 73.Bd4 Bc7 74.h5 Bd8 75.Kf4 Bc7+ 76.Kg5 Kf7 77.Kf5 Bd8 78.Be3 Bc7
79.Bf4 Bd8 80.Bg3 Be7 81.Bf2 Bd8 82.Ke5  1-0

[Event "Tilburg Fontys"]
[Site "Tilburg"]
[Date "1996.??.??"]
[Round "6"]
[White "Polgar, Judit"]
[Black "Lautier, Joel"]
[Result "1/2-1/2"]
[WhiteElo "2665"]
[BlackElo "2620"]

1.e4 c5 2.Nf3 d6 3.d4 cxd4 4.Nxd4 Nf6 5.Nc3 a6 6.Bg5 e6 7.Be2 Be7 8.Qd2 O-O
9.f4 Qc7 10.O-O-O Nbd7 11.Bf3 Nb6 12.g4 Bd7 13.Rhe1 Nc4 14.Qd3 Rac8 15.Bh4 Rfd8
16.g5 Ne8 17.Nf5 Bf8 18.g6 hxg6 19.Ne7+ Kh8 20.b3 Na3 21.Kb2 Qa5 22.Re2 b5
23.Nb1 b4 24.Nxc8 Rxc8 25.Rg2 Nxb1 26.Kxb1 Rc3 27.Qf1 Nc7 28.Bd8 Qc5 29.Bxc7 Qxc7
30.Qf2 Be7 31.e5 dxe5 32.fxe5 Qxe5 33.Rxd7 Bf6 34.Kc1 Qf4+ 35.Qd2 Qxf3 36.Rg1 Kg8
37.Ra7 Qe4 38.Rxa6 Bd4 39.Re1 Be3 40.Kb1 Kh7 41.Rd6 f5 42.Qe2 f4 43.Rd3 Rc5
44.Qg4 Qc6 45.Rdxe3  1/2-1/2

[Event "Tilburg Fontys"]
[Site "Tilburg"]
[Date "1996.??.??"]
[Round "8"]
[White "Polgar, Judit"]
[Black "Karpov, Anatoly"]
[Result "1/2-1/2"]
[WhiteElo "2665"]
[BlackElo "2775"]

1.e4 c6 2.d4 d5 3.exd5 cxd5 4.c4 Nf6 5.Nc3 e6 6.Nf3 Be7 7.cxd5 Nxd5 8.Bd3 Nc6
9.O-O O-O 10.Re1 Bf6 11.Be4 Nce7 12.Ne5 Ng6 13.Qf3 Nxc3 14.bxc3 Bxe5 15.dxe5 Qa5
16.Rb1 Nxe5 17.Qe2 a6 18.Rb3 Nc6 19.Bb2 e5 20.c4  1/2-1/2

[Event "Tilburg Fontys"]
[Site "Tilburg"]
[Date "1996.??.??"]
[Round "11"]
[White "Gelfand, Boris"]
[Black "Polgar, Judit"]
[Result "1/2-1/2"]
[WhiteElo "2665"]
[BlackElo "2665"]

1.c4 Nf6 2.Nc3 d5 3.cxd5 Nxd5 4.g3 g6 5.Bg2 Nb6 6.Nf3 Bg7 7.O-O O-O 8.d4 Nc6
9.d5 Na5 10.e4 c6 11.Bg5 h6 12.Bf4 Nac4 13.b3 g5 14.bxc4 gxf4 15.Qb3  1/2-1/2

[Event "Dortmund"]
[Site "Dortmund"]
[Date "1997.07.09"]
[Round "5"]
[White "Polgar, Judit"]
[Black "Anand, Viswanathan"]
[Result "1/2-1/2"]
[WhiteElo "2670"]
[BlackElo "2765"]

1.e4 c5 2.Nf3 d6 3.d4 cxd4 4.Nxd4 Nf6 5.Nc3 g6 6.Be3 Bg7 7.f3 Nc6 8.Qd2 O-O
9.g4 Be6 10.O-O-O Nxd4 11.Bxd4 Qa5 12.a3 Rfc8 13.h4 Rab8 14.Kb1 b5 15.Nd5 Qxd2
16.Rxd2 Nxd5 17.Bxg7 Ne3 18.Bd4 Nxf1 19.Rxf1 a5 20.e5  1/2-1/2